000 00222nam a22000977a 4500
999 _c509246
_d509246
082 _aL:1x5453 K45
245 _aBudget, Kerala, 1975-76
260 _aTrivandrum
_bGovernment of Kerala
_c1976
300 _av.p.
942 _2ddc